00756nam a22001697a 4500003000900000008004100009040007100050082002500121100001500146245006300161260003800224300002800262505025500290650001500545650001300560650001300573AR-CdUCM190329b ||||| |||| 00| 0 spa d aMUNICIPALIDAD PROVINCIAL DEL CUSCOcBIBLIOTECA MUNICIPAL DEL CUSCO a808.5 /bR72A / 1943 aRoca, Rosa aEl arte de la declamación y su influencia pedagógica / aLima :bTal. de Linotipia,c1943. a180 páginas ;c21 cm. aContenido: Historia de la declaración a través de la antigüedad, edad media y tiempos modernos -- La declaración en España -- Recitales poéticos en el Perú -- La lengua literaria de Castilla -- La poesía y sus diferentes géneros ... aLiteratura aOratoria aSiglo XX